[Event "Oberfranken-ch"]
[Site "Kronach"]
[Date "2023.02.25"]
[Round "6"]
[White "Rossmeier, Patrick"]
[Black "Kuehnberger, Maximilian"]
[Result "1-0"]
[WhiteElo "1697"]
[BlackElo "1211"]
[PlyCount "55"]
[EventDate "2023.02.23"]
[EventType "swiss"]
[EventRounds "7"]
[EventCountry "GER"]
[SourceTitle "CBM 213 Extra"]
[Source "ChessBase"]
[SourceDate "2023.05.31"]
[SourceVersion "1"]
[SourceVersionDate "2023.05.31"]
[SourceQuality "1"]

1. d4 e5 2. dxe5 Nc6 3. Nf3 Qe7 4. Bd2 Nxe5 5. Nxe5 Qxe5 6. Bc3 Qe7 7. e3 b6 8. Be2 Bb7 9. Bf3 Bxf3 10. Qxf3 Qd8 11. Nd2 Nf6 12. 0-0 Be7 13. e4 0-0 14. e5 Ne8 15. Rfe1 d5 16. exd6 Nxd6 17. Rad1 Re8 18. Ne4 a5 19. Ng3 g6 20. Rd3 Qc8 21. Qc6 h5 22. Rde3 Qd8 23. Rxe7 Rxe7 24. Rxe7 h4 25. Nf1 Qxe7 26. Qxa8+ Qf8 27. Qxf8+ Kxf8 28. Bf6 1-0

[Event "Oberfranken-ch"]
[Site "Kronach"]
[Date "2023.02.24"]
[Round "4"]
[White "Uestuen, Engin"]
[Black "Kuehnberger, Maximilian"]
[Result "1-0"]
[WhiteElo "1803"]
[BlackElo "1211"]
[PlyCount "65"]
[EventDate "2023.02.23"]
[EventType "swiss"]
[EventRounds "7"]
[EventCountry "GER"]
[SourceTitle "CBM 213 Extra"]
[Source "ChessBase"]
[SourceDate "2023.05.31"]
[SourceVersion "1"]
[SourceVersionDate "2023.05.31"]
[SourceQuality "1"]

1. Nf3 Nc6 2. d4 d5 3. Bf4 Bf5 4. e3 e6 5. c3 Bd6 6. Bxd6 Qxd6 7. Bb5 Nf6 8. Nbd2 0-0 9. h3 h6 10. 0-0 a6 11. Ba4 b5 12. Bc2 Bxc2 13. Qxc2 Ne7 14. Ne5 c5 15. Nb3 c4 16. Nc5 Nc6 17. f4 Ne7 18. e4 Qc7 19. f5 Qd6 20. fxe6 fxe6 21. Rae1 Ra7 22. Nxc4 bxc4 23. e5 Qb6 24. exf6 Rxf6 25. Rxf6 gxf6 26. Rxe6 Qc7 27. Qe2 Qf4 28. Rxe7 Rxe7 29. Qxe7 Qc1+ 30. Kf2 Qd2+ 31. Qe2 Qf4+ 32. Kg1 a5 33. Qg4+ 1-0

[Event "Oberfranken-ch"]
[Site "Kronach"]
[Date "2023.02.23"]
[Round "1"]
[White "Kuehnberger, Maximilian"]
[Black "Koppe, Connor"]
[Result "0-1"]
[WhiteElo "1211"]
[BlackElo "1808"]
[PlyCount "116"]
[EventDate "2023.02.23"]
[EventType "swiss"]
[EventRounds "7"]
[EventCountry "GER"]
[SourceTitle "CBM 213 Extra"]
[Source "ChessBase"]
[SourceDate "2023.05.31"]
[SourceVersion "1"]
[SourceVersionDate "2023.05.31"]
[SourceQuality "1"]

1. e4 c5 2. Nf3 Nc6 3. d4 cxd4 4. Nxd4 g6 5. Nc3 Bg7 6. Be3 Nf6 7. Bc4 0-0 8. 0-0 d6 9. Qd2 Ng4 10. Nxc6 bxc6 11. Bd4 Ne5 12. Bb3 c5 13. Be3 Ng4 14. Bg5 h6 15. Bh4 g5 16. Bg3 Ba6 17. Rfd1 c4 18. Ba4 Rb8 19. Rab1 Qa5 20. Bd7 Bxc3 21. bxc3 Nf6 22. Bf5 Rxb1 23. Rxb1 Qxa2 24. Rd1 Bb7 25. f3 a5 26. e5 dxe5 27. Bxe5 Qb2 28. Qd4 Kg7 29. Qxc4 Qb6+ 30. Bd4 Qc6 31. Qa2 a4 32. Be4 Qc7 33. Bxb7 e5 34. Bxe5 Qxe5 35. Qxa4 Qe3+ 36. Kh1 Qxc3 37. h3 Re8 38. Qb3 Qc7 39. Ba6 Qg3 40. Qb4 h5 41. Qa5 Re5 42. Qd2 g4 43. Bc8 gxf3 44. gxf3 Qxf3+ 45. Qg2+ Qxg2+ 46. Kxg2 Re2+ 47. Kf3 Rxc2 48. Bf5 Rc3+ 49. Kf4 Kh6 50. Ke5 Nh7 51. h4 Rc5+ 52. Kf4 Rc4+ 53. Be4 Nf6 54. Rd6 Kg7 55. Kg5 Nxe4+ 56. Kxh5 Nxd6 57. Kg5 Re4 58. h5 f6# 0-1

[Event "Oberfranken-ch U18/U16"]
[Site "Schney"]
[Date "2020.01.06"]
[Round "7.4"]
[White "Evseichev, Nikolai"]
[Black "Kuehnberger, Maximilian"]
[Result "1-0"]
[WhiteElo "1241"]
[BlackElo "1174"]
[PlyCount "86"]
[EventDate "2020.01.03"]
[EventType "swiss"]
[EventRounds "7"]
[EventCountry "GER"]
[SourceTitle "EXT 2024"]
[Source "ChessBase"]
[SourceDate "2023.10.10"]
[SourceVersion "1"]
[SourceVersionDate "2023.10.10"]
[SourceQuality "1"]

1. e4 e6 2. Qe2 c5 3. Nf3 Ne7 4. d3 g6 5. Nbd2 Bg7 6. g3 0-0 7. Bg2 d5 8. 0-0 Nbc6 9. e5 Qc7 10. Re1 Nf5 11. c3 d4 12. Nb3 Re8 13. cxd4 Nfxd4 14. Nfxd4 cxd4 15. Bxc6 bxc6 16. Nxd4 Bb7 17. Bf4 c5 18. Nb3 Rad8 19. Rac1 Rd5 20. d4 f6 21. Rxc5 Rxc5 22. Nxc5 fxe5 23. Bxe5 Bxe5 24. Qxe5 Qxe5 25. Rxe5 Bd5 26. b3 Rc8 27. Kf1 Kf7 28. Ke2 a5 29. Kd2 Kf6 30. f4 h6 31. Nd7+ Ke7 32. Nb6 Rd8 33. Nxd5+ Rxd5 34. Rxd5 exd5 35. g4 Kf6 36. Ke3 g5 37. h3 Kg6 38. Kf3 Kg7 39. a3 gxf4 40. b4 axb4 41. axb4 Kf6 42. b5 Ke6 43. h4 Kd6 1-0

[Event "Oberfranken-ch U18/U16"]
[Site "Schney"]
[Date "2020.01.05"]
[Round "6.5"]
[White "Kuehnberger, Maximilian"]
[Black "Stark, Patrick"]
[Result "0-1"]
[WhiteElo "1174"]
[BlackElo "983"]
[PlyCount "60"]
[EventDate "2020.01.03"]
[EventType "swiss"]
[EventRounds "7"]
[EventCountry "GER"]
[SourceTitle "EXT 2024"]
[Source "ChessBase"]
[SourceDate "2023.10.10"]
[SourceVersion "1"]
[SourceVersionDate "2023.10.10"]
[SourceQuality "1"]

1. e4 e6 2. d4 d5 3. e5 c5 4. Be3 cxd4 5. Bxd4 a6 6. a4 Nc6 7. c3 Nxd4 8. cxd4 Bb4+ 9. Nc3 Qa5 10. Nge2 Ne7 11. g3 0-0 12. Bg2 Bxc3+ 13. bxc3 b5 14. 0-0 bxa4 15. Rxa4 Qb5 16. c4 Qc6 17. Nf4 Bb7 18. Qc2 Rad8 19. c5 f6 20. exf6 Rxf6 21. Re1 Rdf8 22. Qb3 R6f7 23. Nxe6 Re8 24. Ng5 Rf6 25. Bxd5+ Nxd5 26. Rxe8+ Qxe8 27. Qxb7 Qe1+ 28. Kg2 Qxf2+ 29. Kh3 Rh6+ 30. Kg4 Nf6# 0-1

[Event "Oberfranken-ch U18/U16"]
[Site "Schney"]
[Date "2020.01.04"]
[Round "4.5"]
[White "Kuehnberger, Maximilian"]
[Black "Gorka, Merle"]
[Result "1/2-1/2"]
[WhiteElo "1174"]
[BlackElo "1347"]
[PlyCount "60"]
[EventDate "2020.01.03"]
[EventType "swiss"]
[EventRounds "7"]
[EventCountry "GER"]
[SourceTitle "EXT 2024"]
[Source "ChessBase"]
[SourceDate "2023.10.10"]
[SourceVersion "1"]
[SourceVersionDate "2023.10.10"]
[SourceQuality "1"]

1. e4 c5 2. Bc4 e6 3. Nc3 d6 4. Nf3 Be7 5. d4 cxd4 6. Nxd4 e5 7. Nf5 Bxf5 8. exf5 Qc8 9. Qg4 Bf6 10. Ne4 Ke7 11. Bxf7 Qxc2 12. Be6 h5 13. Qf3 Nd7 14. Bxd7 Kxd7 15. Nxf6+ Nxf6 16. Qxb7+ Qc7 17. Qxc7+ Kxc7 18. Bd2 Kd7 19. Rd1 Rab8 20. Bc3 Rhe8 21. 0-0 d5 22. f4 exf4 23. Bxf6 gxf6 24. Rxd5+ Kc6 25. Rd2 Re5 26. Rxf4 Rbb5 27. Rc4+ Rbc5 28. Rxc5+ Rxc5 29. Rf2 Rc1+ 30. Rf1 Rc2 1/2-1/2

[Event "Oberfranken-ch"]
[Site "Schney"]
[Date "2018.01.05"]
[Round "5.4"]
[White "Kuehnberger, Maximilian"]
[Black "Sueppel, Florian"]
[Result "1/2-1/2"]
[WhiteElo "819"]
[BlackElo "964"]
[PlyCount "120"]
[EventDate "2018.01.03"]
[EventType "swiss"]
[EventRounds "7"]
[EventCountry "GER"]
[SourceTitle "EXT 2022"]
[Source "ChessBase"]
[SourceDate "2021.10.06"]
[SourceVersion "1"]
[SourceVersionDate "2021.10.06"]
[SourceQuality "1"]

1. e4 e6 2. Nf3 d5 3. exd5 exd5 4. d4 Nc6 5. Bd3 Bg4 6. h3 Bxf3 7. Qxf3 Nf6 8. Be3 Qe7 9. c3 0-0-0 10. Nd2 g6 11. Nb3 Ne4 12. Bxe4 dxe4 13. Qe2 f5 14. Nc5 Qe8 15. Na6 bxa6 16. Qxa6+ Kd7 17. 0-0-0 Bg7 18. d5 Nb8 19. Qb5+ Ke7 20. d6+ cxd6 21. Bg5+ Bf6 22. Qb7+ Rd7 23. Bxf6+ Kxf6 24. Qd5 Qe7 25. g4 Qe5 26. g5+ Kg7 27. Qd4 Qxd4 28. Rxd4 Nc6 29. Ra4 d5 30. Ra6 Rc8 31. h4 d4 32. h5 dxc3 33. h6+ Kf7 34. bxc3 Ke7 35. Re1 Rd3 36. Kc2 Rf3 37. Re2 Ke8 38. Ra4 a5 39. Rd2 Nb4+ 40. Kd1 Nd3 41. Rxa5 Rxf2 42. Ra7 Rxc3 43. Rxf2 Nxf2+ 44. Ke2 Nd3 45. Rxh7 Rc2+ 46. Ke3 Rh2 47. Kd4 Kf8 48. Kd5 Rxa2 49. Ke6 Ra6+ 50. Kd7 Ra7+ 51. Ke6 Rxh7 52. Kf6 e3 53. Kxg6 Ra7 54. h7 Ne5+ 55. Kh6 Ra6+ 56. Kh5 Kg7 57. g6 Rxg6 58. Kh4 e2 59. h8Q+ Kxh8 60. Kh5 e1Q 1/2-1/2

[Event "Oberfranken-ch"]
[Site "Schney"]
[Date "2018.01.03"]
[Round "1.3"]
[White "Reifschneider, Melissa"]
[Black "Kuehnberger, Maximilian"]
[Result "1-0"]
[WhiteElo "1245"]
[BlackElo "819"]
[PlyCount "103"]
[EventDate "2018.01.03"]
[EventType "swiss"]
[EventRounds "7"]
[EventCountry "GER"]
[SourceTitle "EXT 2022"]
[Source "ChessBase"]
[SourceDate "2021.10.06"]
[SourceVersion "1"]
[SourceVersionDate "2021.10.06"]
[SourceQuality "1"]

1. e4 e5 2. Nf3 Nc6 3. Nc3 Bc5 4. d3 Nf6 5. h3 d5 6. exd5 Nxd5 7. Be2 Nxc3 8. bxc3 Qd6 9. 0-0 Be6 10. Bb2 0-0-0 11. d4 exd4 12. cxd4 Nxd4 13. Nxd4 Bxd4 14. Bxd4 Qf4 15. Be3 Qe4 16. Bd3 Qe5 17. Qf3 Bd5 18. Qf5+ Qxf5 19. Bxf5+ Be6 20. Bxe6+ fxe6 21. Rad1 Rxd1 22. Rxd1 a6 23. Re1 Re8 24. Bd4 g5 25. Re5 h6 26. h4 Rd8 27. Be3 Rd1+ 28. Kh2 Kd7 29. hxg5 hxg5 30. Rxg5 b5 31. Rg7+ Kc6 32. Bf4 Kb6 33. Bxc7+ Kc6 34. Bf4 Kc5 35. Rg6 Rd4 36. Be3 e5 37. Bxd4+ exd4 38. f4 Kc4 39. f5 Kc3 40. f6 Kxc2 41. f7 d3 42. f8Q d2 43. Qc5+ Kb2 44. Qb4+ Kc2 45. Rc6+ Kd3 46. Qb2 Ke3 47. Qe5+ Kd3 48. Qd5+ Ke3 49. Re6+ Kf4 50. Qxd2+ Kf5 51. Qd5+ Kf4 52. Re4# 1-0